000 00238nam a2200097Ia 4500
008 220120s9999||||xx |||||||||||||| ||und||
082 _a005.1 BAL
100 _aTanenbaum, Andrew
_911445
245 0 _aComputer networks
300 _a859P;
_b450
999 _c136380
_d136380